000 00334nam a2200133Ia 4500
005 20260328104254.0
008 260328s9999||||xx |||||||||||||| ||und||
100 _aKieffer, Susan W.
245 4 _aThe Dynamics of Disister /
_cSusan W. Kieffer
260 _bNorton
300 _a315 p.
650 _aDESASTRE NATURALES
942 _cBK
999 _c10361
_d10361